Areas of Geography (anagrams with clues) - Statistics

General Stats
  • This quiz has been taken 6 times
  • The average score is 5 of 7
Answer Stats
Anagram Hint Answer % Correct
Dryly go "Oh!" Rivers Hydrology
100%
Melt or gooey. Short term weather Meteorology
100%
Act gloomily. Long term weather Climatology
80%
Yo! Local gig! Ice Glaciology
80%
Coy pagan hero. Seas Oceanography
80%
Horology gem op. Landforms Geomorphology
40%
'Go grey' phobia. Species distributions Biogeography
20%
No matching quizzes found
Score Distribution
Percent of People with Each Score
Percentile by Number Answered
Your Score History
You have not taken this quiz